| Tag |
First Indicator |
Second Indicator |
Subfields |
| LEADER |
00000cam a2200000 a 4500 |
| 001 |
in00000007939 |
| 005 |
20151002070059.0 |
| 008 |
870210s1987 nyu b 00110 eng |
| 010 |
|
|
|a 87004222
|
| 020 |
|
|
|a 0820403563 :
|c $65.00
|
| 035 |
|
|
|a (OCoLC)15253019
|
| 035 |
|
|
|9 AAA0282AM
|
| 040 |
|
|
|a DLC
|c DLC
|d TXA
|d UtOrBLW
|
| 049 |
|
|
|a TXAM
|c 1 [A12570791], 2 [A11065939]
|
| 050 |
0 |
0 |
|a BL48
|b .S724 1987
|
| 082 |
0 |
|
|a 200/.1
|2 19
|
| 100 |
1 |
|
|a Stark, Rodney.
|
| 245 |
1 |
2 |
|a A theory of religion /
|c Rodney Stark, William Sims Bainbridge.
|
| 264 |
|
1 |
|a New York :
|b P. Lang,
|c [1987]
|
| 264 |
|
4 |
|c ©1987
|
| 300 |
|
|
|a 386 pages ;
|c 23 cm.
|
| 336 |
|
|
|a text
|b txt
|2 rdacontent
|
| 337 |
|
|
|a unmediated
|b n
|2 rdamedia
|
| 338 |
|
|
|a volume
|b nc
|2 rdacarrier
|
| 490 |
1 |
|
|a Toronto studies in religion ;
|v v. 2
|
| 504 |
|
|
|a Bibliography: pages 351-374.
|
| 500 |
|
|
|a Includes index.
|
| 650 |
|
0 |
|a Religion.
|
| 700 |
1 |
|
|a Bainbridge, William Sims.
|
| 830 |
|
0 |
|a Toronto studies in religion ;
|v v. 2.
|
| 999 |
|
|
|a MARS
|
| 999 |
f |
f |
|s 97d9c286-750b-3a84-bdb2-daf34dd6ca73
|i 565d1eea-992f-3d36-a1fc-fa6c33e90be9
|t 0
|
| 952 |
f |
f |
|p normal
|a Texas A&M University
|b College Station
|c Sterling C. Evans Library
|d Evans: Library Stacks
|t 0
|e BL48 .S724 1987
|h Library of Congress classification
|i unmediated -- volume
|m A14811065939
|
| 998 |
f |
f |
|a BL48 .S724 1987
|t 0
|l Evans: Library Stacks
|